Higher engineering mathematics / (Record no. 152308)

MARC details
000 -LEADER
fixed length control field 00715nam a22002057a 4500
005 - DATE AND TIME OF LATEST TRANSACTION
control field 20180601153106.0
010 ## - LCCN (DPL NO)
LC control number B-694037
020 ## - INTERNATIONAL STANDARD BOOK NUMBER
International Standard Book Number 9788193328491
Terms of availability 799.00
035 ## - SYSTEM CONTROL NUMBER
System control number B-694037
037 ## - SOURCE OF ACQUISITION
Source of stock number/acquisition RK Books
082 ## - DEWEY DECIMAL CLASSIFICATION NUMBER
Classification number 001.151
100 ## - MAIN ENTRY--PERSONAL NAME
Personal name Grewal, B .S
245 ## - TITLE STATEMENT
Title Higher engineering mathematics /
Statement of responsibility, etc B.S. Grewal & J.S.Grewal
250 ## - EDITION STATEMENT
Edition statement 44th ed
260 ## - PUBLICATION, DISTRIBUTION, ETC. (IMPRINT)
Place of publication, distribution, etc New Delhi
Name of publisher, distributor, etc Khanna publishers
Date of publication, distribution, etc 2014
270 ## - ADDRESS
Address 2-B Nath Market Nai sarak
City New Delhi
Postal code 110006
300 ## - PHYSICAL DESCRIPTION
Extent 1238p
Dimensions 27cm(pbk)
942 ## - ADDED ENTRY ELEMENTS (KOHA)
Source of classification or shelving scheme Dewey Decimal Classification
Item type English Books
Classification part 510.2462
Call number suffix GRE
Holdings
Withdrawn status Lost status Not for loan Collection code Home library Current library Date acquired Source of acquisition Cost, normal purchase price Full call number Barcode Copy number Cost, replacement price Koha item type
      Non-fiction Sarojini Nagar Sarojini Nagar 01/06/2018 R.K.Books/398/23.05.2018/456/18.05.2018/29.05.2018 799.00 510.2462 GRE B-694037 1 799.00 English Books

© Delhi Public Library
Hit Counter
free hit counter